<?xml version="1.0" encoding="UTF-8"?>
<record
    xmlns:xsi="http://www.w3.org/2001/XMLSchema-instance"
    xsi:schemaLocation="http://www.loc.gov/MARC21/slim http://www.loc.gov/standards/marcxml/schema/MARC21slim.xsd"
    xmlns="http://www.loc.gov/MARC21/slim">

  <leader>00502nam a22001697a 4500</leader>
  <controlfield tag="005">20251114113848.0</controlfield>
  <controlfield tag="008">251110b        |||||||| |||| 00| 0 eng d</controlfield>
  <datafield tag="020" ind1=" " ind2=" ">
    <subfield code="a">979-8-88715-095-6</subfield>
  </datafield>
  <datafield tag="050" ind1=" " ind2=" ">
    <subfield code="a">PN 4731 .T 36 2023</subfield>
    <subfield code="b">1</subfield>
  </datafield>
  <datafield tag="100" ind1=" " ind2=" ">
    <subfield code="a">TAPPING, LINDA</subfield>
  </datafield>
  <datafield tag="245" ind1=" " ind2=" ">
    <subfield code="a">INTRODUCTION TO MASS COMMUNICATION AND JOURNALISM</subfield>
  </datafield>
  <datafield tag="260" ind1=" " ind2=" ">
    <subfield code="a">DUBLIN,</subfield>
    <subfield code="b">ORYSON PRESS,</subfield>
    <subfield code="c">2023,</subfield>
  </datafield>
  <datafield tag="300" ind1=" " ind2=" ">
    <subfield code="a">VI, 289P,ILL</subfield>
  </datafield>
  <datafield tag="500" ind1=" " ind2=" ">
    <subfield code="a">INCLUDES INDEX</subfield>
  </datafield>
  <datafield tag="650" ind1=" " ind2=" ">
    <subfield code="a">1. MASS MEDIA 2. JOURNALISM- STUDY AND TEACHING</subfield>
  </datafield>
  <datafield tag="942" ind1=" " ind2=" ">
    <subfield code="2">lcc</subfield>
    <subfield code="c">BK</subfield>
  </datafield>
  <datafield tag="999" ind1=" " ind2=" ">
    <subfield code="c">216153</subfield>
    <subfield code="d">216153</subfield>
  </datafield>
  <datafield tag="952" ind1=" " ind2=" ">
    <subfield code="0">0</subfield>
    <subfield code="1">0</subfield>
    <subfield code="2">lcc</subfield>
    <subfield code="4">0</subfield>
    <subfield code="6">PN4731 T36  02023</subfield>
    <subfield code="7">0</subfield>
    <subfield code="9">373197</subfield>
    <subfield code="a">KSUL</subfield>
    <subfield code="b">KSUL</subfield>
    <subfield code="d">2025-11-10</subfield>
    <subfield code="i">109641</subfield>
    <subfield code="l">0</subfield>
    <subfield code="o">PN 4731. T36 2023</subfield>
    <subfield code="p">000000017888</subfield>
    <subfield code="r">2025-11-10 11:41:34</subfield>
    <subfield code="t">C.1</subfield>
    <subfield code="w">2025-11-10</subfield>
    <subfield code="y">BK</subfield>
  </datafield>
  <datafield tag="952" ind1=" " ind2=" ">
    <subfield code="0">0</subfield>
    <subfield code="1">0</subfield>
    <subfield code="2">lcc</subfield>
    <subfield code="4">0</subfield>
    <subfield code="6">PN4731 T36  02023</subfield>
    <subfield code="7">0</subfield>
    <subfield code="9">373198</subfield>
    <subfield code="a">KSUL</subfield>
    <subfield code="b">KSUL</subfield>
    <subfield code="d">2025-11-10</subfield>
    <subfield code="i">109642</subfield>
    <subfield code="l">0</subfield>
    <subfield code="o">PN 4731. T36 2023</subfield>
    <subfield code="p">000000017887</subfield>
    <subfield code="r">2025-11-10 11:41:00</subfield>
    <subfield code="t">C.2</subfield>
    <subfield code="w">2025-11-10</subfield>
    <subfield code="y">BK</subfield>
  </datafield>
  <datafield tag="952" ind1=" " ind2=" ">
    <subfield code="0">0</subfield>
    <subfield code="1">0</subfield>
    <subfield code="2">lcc</subfield>
    <subfield code="4">0</subfield>
    <subfield code="6">PN4731 T36  02023</subfield>
    <subfield code="7">0</subfield>
    <subfield code="9">373199</subfield>
    <subfield code="a">KSUL</subfield>
    <subfield code="b">KSUL</subfield>
    <subfield code="d">2025-11-10</subfield>
    <subfield code="i">109643</subfield>
    <subfield code="l">0</subfield>
    <subfield code="o">PN 4731. T36 2023</subfield>
    <subfield code="p">000000017886</subfield>
    <subfield code="r">2025-11-10 11:41:00</subfield>
    <subfield code="t">C.3</subfield>
    <subfield code="w">2025-11-10</subfield>
    <subfield code="y">BK</subfield>
  </datafield>
  <datafield tag="952" ind1=" " ind2=" ">
    <subfield code="0">0</subfield>
    <subfield code="1">0</subfield>
    <subfield code="2">lcc</subfield>
    <subfield code="4">0</subfield>
    <subfield code="6">PN4731 T36  02023</subfield>
    <subfield code="7">0</subfield>
    <subfield code="9">373200</subfield>
    <subfield code="a">KSUL</subfield>
    <subfield code="b">KSUL</subfield>
    <subfield code="d">2025-11-10</subfield>
    <subfield code="i">109644</subfield>
    <subfield code="l">0</subfield>
    <subfield code="o">PN 4731. T36 2023</subfield>
    <subfield code="p">000000017885</subfield>
    <subfield code="r">2025-11-10 11:41:00</subfield>
    <subfield code="t">C.4</subfield>
    <subfield code="w">2025-11-10</subfield>
    <subfield code="y">BK</subfield>
  </datafield>
  <datafield tag="952" ind1=" " ind2=" ">
    <subfield code="0">0</subfield>
    <subfield code="1">0</subfield>
    <subfield code="2">lcc</subfield>
    <subfield code="4">0</subfield>
    <subfield code="6">PN4731 T36  02023</subfield>
    <subfield code="7">0</subfield>
    <subfield code="8">ARTS</subfield>
    <subfield code="9">373468</subfield>
    <subfield code="a">KSUL</subfield>
    <subfield code="b">KSUL</subfield>
    <subfield code="d">2025-11-20</subfield>
    <subfield code="i">109910</subfield>
    <subfield code="l">0</subfield>
    <subfield code="o">PN 4731 .T36 2023</subfield>
    <subfield code="p">000000002870</subfield>
    <subfield code="r">2025-11-20 11:03:53</subfield>
    <subfield code="t">5</subfield>
    <subfield code="w">2025-11-20</subfield>
    <subfield code="y">BK</subfield>
  </datafield>
  <datafield tag="952" ind1=" " ind2=" ">
    <subfield code="0">0</subfield>
    <subfield code="1">0</subfield>
    <subfield code="2">lcc</subfield>
    <subfield code="4">0</subfield>
    <subfield code="6">PN4731 T36  02023</subfield>
    <subfield code="7">0</subfield>
    <subfield code="8">ARTS</subfield>
    <subfield code="9">373469</subfield>
    <subfield code="a">KSUL</subfield>
    <subfield code="b">KSUL</subfield>
    <subfield code="d">2025-11-20</subfield>
    <subfield code="i">109911</subfield>
    <subfield code="l">0</subfield>
    <subfield code="o">PN 4731 .T36 2023</subfield>
    <subfield code="p">000000002869</subfield>
    <subfield code="r">2025-11-20 11:03:00</subfield>
    <subfield code="t">6</subfield>
    <subfield code="w">2025-11-20</subfield>
    <subfield code="y">BK</subfield>
  </datafield>
  <datafield tag="952" ind1=" " ind2=" ">
    <subfield code="0">0</subfield>
    <subfield code="1">0</subfield>
    <subfield code="2">lcc</subfield>
    <subfield code="4">0</subfield>
    <subfield code="6">PN4731 T36  02023</subfield>
    <subfield code="7">0</subfield>
    <subfield code="8">ARTS</subfield>
    <subfield code="9">373471</subfield>
    <subfield code="a">KSUL</subfield>
    <subfield code="b">KSUL</subfield>
    <subfield code="d">2025-11-20</subfield>
    <subfield code="i">109912</subfield>
    <subfield code="l">0</subfield>
    <subfield code="o">PN 4731 .T36 2023</subfield>
    <subfield code="p">000000000414</subfield>
    <subfield code="r">2025-11-20 11:03:00</subfield>
    <subfield code="t">7</subfield>
    <subfield code="w">2025-11-20</subfield>
    <subfield code="y">BK</subfield>
  </datafield>
  <datafield tag="952" ind1=" " ind2=" ">
    <subfield code="0">0</subfield>
    <subfield code="1">0</subfield>
    <subfield code="2">lcc</subfield>
    <subfield code="4">0</subfield>
    <subfield code="6">PN4731 T36  02023</subfield>
    <subfield code="7">0</subfield>
    <subfield code="8">ARTS</subfield>
    <subfield code="9">373473</subfield>
    <subfield code="a">KSUL</subfield>
    <subfield code="b">KSUL</subfield>
    <subfield code="d">2025-11-20</subfield>
    <subfield code="i">109913</subfield>
    <subfield code="l">0</subfield>
    <subfield code="o">PN 4731 .T36 2023</subfield>
    <subfield code="p">000000001230</subfield>
    <subfield code="r">2025-11-20 11:03:00</subfield>
    <subfield code="t">8</subfield>
    <subfield code="w">2025-11-20</subfield>
    <subfield code="y">BK</subfield>
  </datafield>
</record>
